Loading...
Amita (Aithihasik upanyas)
| Main Author: | |
|---|---|
| Format: | Printed Book |
| Published: |
Allahabad, Lokbharati Prakashan
1984
|
| Subjects: |
| LEADER | 004730000a22001450004500 | ||
|---|---|---|---|
| 040 | |a HINDI | ||
| 082 | |a 891.433 081 YAS/A M4;1 | ||
| 100 | |a Yashpal; Author | ||
| 245 | |a Amita (Aithihasik upanyas) | ||
| 260 | |a Allahabad, Lokbharati Prakashan | ||
| 260 | |c 1984 | ||
| 465 | |a R 18 | ||
| 650 | |a Hindi fiction | ||
| 999 | |c 9887 |d 9887 | ||
| 952 | |0 0 |1 0 |4 0 |6 891_433000000000000_081_YASA_M |7 0 |8 HINDI |9 9682 |a MGUL |b MGUL |d 2013-07-16 |e R 18 |l 0 |o 891.433 081 YAS/A M4;1 |p 05388 |r 2013-07-16 |w 2013-07-16 |y BK | ||